|
|
|
|
| LEADER |
00000nab a2200000ua 4500 |
| 001 |
vtls010773906 |
| 003 |
SK-MaSNL |
| 005 |
20260303151832.0 |
| 008 |
230222s xo |||||||||||||||||ger| |
| 035 |
|
|
|a (urnnbn)urn:nbn:sk:snk:ar-a02k13
|
| 035 |
|
|
|a (uuid)ea024468-3ca8-4fbd-aa6c-ff273ab72836
|
| 035 |
|
|
|a urn:nbn:sk:snk-ab4m17
|
| 040 |
|
|
|a SNKBUCL
|b slo
|c SNKBUCL
|e AACR2
|
| 041 |
0 |
|
|a ger
|
| 044 |
|
|
|a xo
|c SK
|
| 100 |
1 |
|
|a Čižmárik, Jozef,
|d 1943-
|4 aut
|9 106710
|
| 245 |
1 |
0 |
|a UNTERSUCHUNGEN LOKALANÄSTHETICA TEIL. CIV. DIE BEZIEHUNG ZWISCHEN DEN ERGEBNISSEN DER TLC UND DER LOKALANÄSTHETISCHEN WIRKSAMMKEIT IN DER GRUPPE DER MORPHOLINOETHYLESTERN DER ALKOXYPHENYLKARBAMIDSÄUREN
|c Jozef Čižmárik, Magda Hollá, Magda Šaršúnová, Zdeněk Peřina
|
| 700 |
1 |
|
|a Hollá, Magda
|4 aut
|9 573615
|
| 700 |
1 |
|
|a Šaršúnová, Magda,
|d 1920-2009
|4 aut
|9 196797
|
| 700 |
1 |
|
|a Peřina, Zdeněk
|4 aut
|9 573618
|
| 773 |
0 |
|
|t Acta Facultatis Pharmaceuticae Universitatis Comenianae
|g Roč. 47, č. 47 (1992 - 1993), s. 253-261
|
| 958 |
|
|
|a OND
|
| 958 |
|
|
|a EUIPO
|
| 958 |
|
|
|a article3
|
| 999 |
|
|
|c 2020004
|d 2021934
|